Teoría electromagnética

保存先:
書誌詳細
主要な著者: Hayt, William Hart (著者), Buck, John A (著者)
フォーマット: 図書
言語:スペイン語
出版事項: Ciudad de México McGraw-Hill 2006
版:7a. ed
主題:
タグ: タグ追加
タグなし, このレコードへの初めてのタグを付けませんか!

MARC

LEADER 00000nam a2200000 a 4500
001 UCJ0718
003 CL-VaPUC
005 20240719092435.0
008 060901e20060000MX |||||||||||||||||spa|d
999 |c 317480  |d 317478 
020 |a 9701056205 
040 |c Pontificia Universidad Católica de Valparaíso 
082 0 4 |a 530.141  |b HAY  |2 21 
100 |a Hayt, William Hart  |e author  |9 525122 
245 1 0 |a Teoría electromagnética 
250 |a 7a. ed 
260 |a Ciudad de México  |b McGraw-Hill  |c 2006 
300 |a 582 p 
500 |a Incluye Cd-Rom: 
500 |a Student media suite to accompany: Engineering electromagnetics 7e 
583 |a last modification  |c 20140408 11:05:36  |k Rodrigo Vera 
650 0 |a Teoría electromagnética  |9 260747  |x Fundamentos  
650 0 |a Electromagnetismo   |9 260123  |v Problemas y ejercicios  
650 0 |a Análisis vectorial   |9 260451  |x Fundamentos  
650 0 |a Campos magnéticos  |2 CL-VaPUC  |9 354933  |x Leyes  
700 0 |a Buck, John A  |e author  |9 501025 
942 |c BK  |2 ddc 
945 |d 20060901 00:00:00  |a cmena 
952 |0 0  |1 0  |2 ddc  |4 0  |6 530_141000000000000_HAY_2006  |7 0  |8 A  |9 393882  |a BIBING  |b BIBING  |c RES  |d 2019-11-22  |i 4273109  |l 7  |o 530.141 HAY 2006  |p 4273109  |r 2025-01-20  |s 2023-11-15  |w 2019-11-22  |y BK  |k EIE 
952 |0 0  |1 0  |2 ddc  |4 0  |6 530_141000000000000_HAY_2006  |7 0  |8 A  |9 393883  |a BIBING  |b BIBING  |c RES  |d 2019-11-22  |i 4273117  |l 3  |m 1  |o 530.141 HAY 2006  |p 4273117  |r 2025-01-20  |s 2024-08-12  |w 2019-11-22  |y BK  |k EIE 
952 |0 0  |1 0  |2 ddc  |4 0  |6 530_141000000000000_HAY_2006  |7 0  |8 A  |9 393884  |a BIBING  |b BIBING  |c RES  |d 2019-11-22  |i 4273125  |l 4  |o 530.141 HAY 2006  |p 4273125  |r 2025-01-20  |s 2024-03-12  |w 2019-11-22  |y BK  |k EIE 
952 |0 0  |1 0  |2 ddc  |4 0  |6 530_141000000000000_HAY_2006  |7 0  |8 A  |9 393885  |a BIBING  |b BIBING  |c RES  |d 2019-11-22  |i 4273133  |l 2  |o 530.141 HAY 2006  |p 4273133  |r 2025-01-20  |s 2022-08-24  |w 2019-11-22  |y BK  |k EIE 
952 |0 0  |1 0  |2 ddc  |4 0  |6 530_141000000000000_HAY_2006  |7 0  |8 A  |9 393886  |a BIBING  |b BIBING  |c RES  |d 2019-11-22  |i 4273141  |l 9  |o 530.141 HAY 2006  |p 4273141  |r 2025-04-28  |s 2025-04-22  |w 2019-11-22  |y BK  |k EIE 
952 |0 0  |1 0  |2 ddc  |4 0  |6 530_141000000000000_HAY_2006  |7 0  |8 A  |9 393887  |a BIBING  |b BIBING  |c RES  |d 2019-11-22  |i 427315K  |l 1  |o 530.141 HAY 2006  |p 427315K  |r 2025-01-20  |s 2022-08-23  |w 2019-11-22  |y BK  |k EIE 
952 |0 0  |1 0  |2 ddc  |4 0  |6 530_141000000000000_HAY_2006  |7 0  |8 A  |9 393888  |a BIBING  |b BIBING  |c RES  |d 2019-11-22  |i 4273168  |l 7  |m 2  |o 530.141 HAY 2006  |p 4273168  |r 2025-01-20  |s 2023-11-17  |w 2019-11-22  |y BK  |k EIE 
952 |0 0  |1 0  |2 ddc  |4 0  |6 530_141000000000000_HAY_2006  |7 0  |8 A  |9 393889  |a BIBING  |b BIBING  |c RES  |d 2019-11-22  |i 4273176  |l 7  |o 530.141 HAY 2006  |p 4273176  |r 2025-01-20  |s 2023-11-10  |w 2019-11-22  |y BK  |k EIE 
952 |0 0  |1 0  |2 ddc  |4 0  |6 530_141000000000000_HAY_2006  |7 0  |8 A  |9 393890  |a BIBING  |b BIBING  |c RES  |d 2019-11-22  |i 4273184  |l 6  |m 1  |o 530.141 HAY 2006  |p 4273184  |q 2025-05-13  |r 2025-05-06  |s 2025-05-06  |w 2019-11-22  |y BK  |k EIE 
952 |0 0  |1 0  |2 ddc  |4 0  |6 530_141000000000000_HAY_2006  |7 0  |8 A  |9 393891  |a BIBING  |b BIBING  |c RES  |d 2019-11-22  |i 4273192  |l 8  |m 2  |o 530.141 HAY 2006  |p 4273192  |r 2025-04-14  |s 2025-04-02  |w 2019-11-22  |y BK  |k EIE 
952 |0 0  |1 0  |2 ddc  |4 0  |6 530_141000000000000_HAY_2006  |7 0  |8 A  |9 393892  |a BIBING  |b BIBING  |c RES  |d 2019-11-22  |i 436502K  |l 7  |o 530.141 HAY 2006  |p 436502K  |r 2025-01-20  |s 2022-04-22  |w 2019-11-22  |y BK  |k EIE 
952 |0 0  |1 0  |2 ddc  |4 0  |6 530_141000000000000_HAY_2006  |7 0  |8 A  |9 393893  |a BIBING  |b BIBING  |c RES  |d 2019-11-22  |i 4365038  |l 7  |m 2  |o 530.141 HAY 2006  |p 4365038  |r 2025-03-31  |s 2025-03-10  |w 2019-11-22  |y BK  |k EIE 
952 |0 0  |1 0  |2 ddc  |4 0  |6 530_141000000000000_HAY_2006  |7 0  |8 A  |9 393894  |a BIBING  |b BIBING  |c RES  |d 2019-11-22  |i 4365046  |l 8  |m 5  |o 530.141 HAY 2006  |p 4365046  |r 2025-01-20  |s 2024-05-07  |w 2019-11-22  |y BK  |k EIE 
952 |0 0  |1 0  |2 ddc  |4 0  |6 530_141000000000000_HAY_2006  |7 0  |8 A  |9 393895  |a BIBING  |b BIBING  |c RES  |d 2019-11-22  |i 4365054  |o 530.141 HAY 2006  |p 4365054  |r 2025-01-20  |w 2019-11-22  |y BK  |k EIE 
952 |0 0  |1 0  |2 ddc  |4 0  |6 530_141000000000000_HAY_2006  |7 0  |8 A  |9 393896  |a BIBING  |b BIBING  |c RES  |d 2019-11-22  |i 4365062  |l 9  |m 1  |o 530.141 HAY 2006  |p 4365062  |r 2025-01-20  |s 2024-03-20  |w 2019-11-22  |y BK  |k EIE 
952 |0 0  |1 0  |2 ddc  |4 0  |6 530_141000000000000_HAY_2006  |7 0  |8 A  |9 393897  |a BIBING  |b BIBING  |c RES  |d 2019-11-22  |i 4364988  |o 530.141 HAY 2006  |p 4364988  |r 2025-01-20  |w 2019-11-22  |y BK  |k EIE 
952 |0 0  |1 0  |2 ddc  |4 0  |6 530_141000000000000_HAY_2006  |7 0  |8 A  |9 393898  |a BIBING  |b BIBING  |c RES  |d 2019-11-22  |i 4364996  |o 530.141 HAY 2006  |p 4364996  |r 2025-01-20  |w 2019-11-22  |y BK  |k EIE 
952 |0 0  |1 0  |2 ddc  |4 0  |6 530_141000000000000_HAY_2006  |7 0  |8 A  |9 393899  |a BIBING  |b BIBING  |c RES  |d 2019-11-22  |i 4365003  |l 4  |o 530.141 HAY 2006  |p 4365003  |r 2025-01-20  |s 2023-09-22  |w 2019-11-22  |y BK  |k EIE 
952 |0 0  |1 0  |2 ddc  |4 0  |6 530_141000000000000_HAY_2006  |7 0  |8 A  |9 393900  |a BIBING  |b BIBING  |c RES  |d 2019-11-22  |i 4365011  |l 2  |m 3  |o 530.141 HAY 2006  |p 4365011  |r 2025-01-20  |s 2023-11-16  |w 2019-11-22  |y BK  |k EIE 
952 |0 0  |1 0  |2 ddc  |4 0  |6 530_141000000000000_HAY_2006  |7 0  |8 A  |9 393901  |a BIBING  |b BIBING  |c RES  |d 2019-11-22  |i 4364937  |l 9  |o 530.141 HAY 2006  |p 4364937  |r 2025-01-20  |s 2024-03-27  |w 2019-11-22  |y BK  |k EIE 
952 |0 0  |1 0  |2 ddc  |4 0  |6 530_141000000000000_HAY_2006  |7 0  |8 A  |9 393902  |a BIBING  |b BIBING  |c RES  |d 2019-11-22  |i 4364945  |o 530.141 HAY 2006  |p 4364945  |r 2025-01-20  |w 2019-11-22  |y BK  |k EIE 
952 |0 0  |1 0  |2 ddc  |4 0  |6 530_141000000000000_HAY_2006  |7 0  |8 A  |9 393903  |a BIBING  |b BIBING  |c RES  |d 2019-11-22  |i 4364953  |l 9  |m 3  |o 530.141 HAY 2006  |p 4364953  |r 2025-01-20  |s 2023-11-17  |w 2019-11-22  |y BK  |k EIE 
952 |0 0  |1 0  |2 ddc  |4 0  |6 530_141000000000000_HAY_2006  |7 0  |8 A  |9 393904  |a BIBING  |b BIBING  |c RES  |d 2019-11-22  |i 4364961  |l 14  |o 530.141 HAY 2006  |p 4364961  |r 2025-01-20  |s 2024-03-27  |w 2019-11-22  |y BK  |k EIE 
952 |0 0  |1 0  |2 ddc  |4 0  |6 530_141000000000000_HAY_2006  |7 0  |8 A  |9 393905  |a BIBING  |b BIBING  |c RES  |d 2019-11-22  |i 436497K  |l 6  |o 530.141 HAY 2006  |p 436497K  |r 2025-01-20  |s 2023-11-15  |w 2019-11-22  |y BK  |k EIE 
952 |0 0  |1 0  |2 ddc  |4 0  |6 530_141000000000000_HAY_2006  |7 0  |8 A  |9 393906  |a BIBING  |b BIBING  |c RES  |d 2019-11-22  |i 4379632  |l 7  |m 1  |o 530.141 HAY 2006  |p 4379632  |r 2025-01-20  |s 2024-05-20  |w 2019-11-22  |y BK  |k EIE 
952 |0 0  |1 0  |2 ddc  |4 0  |6 530_141000000000000_HAY_2006  |7 0  |8 A  |9 393907  |a BIBING  |b BIBING  |c RES  |d 2019-11-22  |i 4430018  |l 6  |m 5  |o 530.141 HAY 2006  |p 4430018  |r 2025-01-20  |s 2023-11-17  |w 2019-11-22  |y BK  |k EIE 
952 |0 0  |1 0  |2 ddc  |4 0  |6 530_141000000000000_HAY_2006  |7 0  |8 A  |9 393908  |a BIBING  |b BIBING  |c RES  |d 2019-11-22  |i 450321K  |l 10  |m 7  |o 530.141 HAY 2006  |p 450321K  |r 2025-01-20  |s 2023-12-14  |w 2019-11-22  |y BK  |k EIE 
952 |0 0  |1 0  |2 ddc  |4 0  |6 530_141000000000000_HAY_2006  |7 0  |8 A  |9 393909  |a BIBING  |b BIBING  |c RES  |d 2019-11-22  |i 4503228  |o 530.141 HAY 2006  |p 4503228  |r 2025-01-20  |w 2019-11-22  |y BK  |k EIE 
952 |0 0  |1 0  |2 ddc  |4 0  |6 530_141000000000000_HAY_2006  |7 0  |8 A  |9 393911  |a BIBING  |b BIBING  |c RES  |d 2019-11-22  |i 4503244  |l 8  |o 530.141 HAY 2006  |p 4503244  |r 2025-01-20  |s 2023-11-29  |w 2019-11-22  |y BK  |k EIE